Регионална библиотека "Любен Каравелов" - Русе

Митрополит Василий (Запис номер 346190)

MARC детайли
000 -Лидер
Контролно поле с фиксирана дължина nkm a22 a 4500
003 - Код на организацията, давaща контролен номер
Контролно поле BLK
005 - Дата и час на последна редакция
Контролно поле 20191025153420.0
008 - Елементи от данни с фиксирана дължина
fixed length control field 191025b bu ||||| |||| 00| 0 bu d
040 ## - Източник на каталожния запис
Идентификатор на билиотеката - собственик на записа BLK
041 ## - Код за език
Код за езика на текст/звукозапис или на отделно заглавие Български
Код за езика КДБФ Български
080 ## - УДК
Текстов определител УДК Портретна фотография
УДК код - определител по УДК 77.041.5
УДК - код + определител 77.041.5
080 ## - УДК
Текстов определител УДК Митрополит Доростолски и Червенски
УДК код - определител по УДК 929 Василий, митрополит
УДК - код + определител 929 Василий, митрополит
245 ## - Сведения за заглавието
Заглавие Митрополит Василий
Подзаглавни данни [Снимка]
300 ## - Физическа характеристика
Размери/Мащаб 18 Х 28 см
380 ## - Жанр
Жанр Изкуство
490 ## - СЕРИИ (Колекции)
9 (RLIN) 396381
Име на серия Частна колекция - Академик Михаил Арнаудов
Бележки за серията Дарение - Основен фонд
505 ## - Форматирана забележка
Подзаглавни данни Портрет на Митрополит Василий, в църковни одежди, седнал, сниман от Балаш. Снимката е върху паспарту и е номерирана от м. Арнаудов с № 165 датирана януари 1925
852 ## - Местоположение
Форматна сигнатура МА 5067
999 ## - СИСТЕМНИ КОНТРОЛНИ НОМЕРА
Koha biblionumber 346190
Koha biblioitemnumber 346190
942 ## - АРТИКУЛИ
Източник на класификационната схема Universal Decimal Classification
Вид на библиотечния материал Фотографии (фотографски изображения, снимки)
Скрит в OPAC Не
Периодичен библиозапис Да
Наличности
Код за отписване Код за изгубен артикул Източник на класификационната схема Код за повреда Коз за рестрикции Код за отдаване Артикулен № Име на библиотеката - собственик Име на библиотеката, в която се намира в момента Статус (Текущо местоположение) Дата на вписване в системата Местоположение - отдел Цена в лева Систематично азбучна сигнатура Баркод Цена в евро Служебен тип на артикула
  Не е изгубен Universal Decimal Classification Не е повреден само за читалня ползва се в читалня 748306 Регионална библиотека "Любен Каравелов" Русе Регионална библиотека "Любен Каравелов" Русе Фонд "Михаил Арнаудов" 2019-10-30 Фонд "Михаил Арнаудов" 14.00 МА 5067 120000837200 7.16 Фотографии (фотографски изображения, снимки)
Vip Innovations Ltd, Rousse, Bulgaria 2025